000 01055nam a2200289 4500
001 33088
003 BD-RjUL
005 20211209051937.0
008 140430r19551906enk 000 0 eng d
035 _a(BD-RjUL)33179
040 _aDLC
_cFMU
_dm.c.
_d*m/c*
_dICRL
_dCStRLIN
_dBD-RjUL
_beng
041 _aeng
082 0 0 _a299.514
_bMUS 1955
245 1 0 _aMusings of a Chinese mystic :
_bselections from the philosophy of Chuang Tzŭ /
_cwith an introduction by Lionel Giles.
260 _aLondon :
_bJ. Murray,
_c1955.
300 _a112 p. ;
_c17 cm.
490 1 _aWisdom of the East series
500 _aSeries note also at head of t.-p.
500 _a"The extracts in this volume are drawn, with one or two very slight modifications, from the translation by Professor H. A. Giles (Quaritch, 1889)"--Note, p. 7.
650 0 _aTaoism.
_9100537
700 1 _aGiles, Lionel,
_d1875-1958.
_992734
830 0 _aWisdom of the East series
_9100539
942 _2ddc
_cBK
999 _c33088
_d33088